Engineering mathematics : (Record no. 57553)
[ view plain ]
| 000 -LEADER | |
|---|---|
| fixed length control field | 01287nam a22003017a 4500 |
| 005 - DATE AND TIME OF LATEST TRANSACTION | |
| control field | 2011101100230.0 |
| 008 - FIXED-LENGTH DATA ELEMENTS--GENERAL INFORMATION | |
| fixed length control field | 111011t xxu||||| |||| 00| 0 eng d |
| 010 ## - LCCN (DPL NO) | |
| LC control number | ENG-103948-49 |
| 020 ## - INTERNATIONAL STANDARD BOOK NUMBER | |
| International Standard Book Number | 9789380505077 (v.1) |
| Terms of availability | 380.00 |
| 020 ## - INTERNATIONAL STANDARD BOOK NUMBER | |
| International Standard Book Number | 9789380505046 (v.2) |
| Terms of availability | 350.00 |
| 035 ## - SYSTEM CONTROL NUMBER | |
| System control number | EN-87481-82 |
| 037 ## - SOURCE OF ACQUISITION | |
| Source of stock number/acquisition | DBAD/PUB |
| 040 ## - CATALOGING SOURCE | |
| Original cataloging agency | DPL |
| Language of cataloging | Eng |
| 082 ## - DEWEY DECIMAL CLASSIFICATION NUMBER | |
| Classification number | 620.00151 |
| 100 ## - MAIN ENTRY--PERSONAL NAME | |
| 9 (RLIN) | 35436 |
| Personal name | Jayagowri, P. |
| 245 00 - TITLE STATEMENT | |
| Title | Engineering mathematics : |
| Statement of responsibility, etc | by P. Jayagowri |
| Remainder of title | for I semester B.E. /B. Tech. students common to all branches as per Anna University / |
| 260 ## - PUBLICATION, DISTRIBUTION, ETC. (IMPRINT) | |
| Place of publication, distribution, etc | Thanjavur |
| Name of publisher, distributor, etc | Nathi Publications |
| Date of publication, distribution, etc | 2011 |
| 270 ## - ADDRESS | |
| Address | 1271A, Sulthanjiappa Lane, South Rampart |
| City | Thanjavur |
| Postal code | 613001 |
| 300 ## - PHYSICAL DESCRIPTION | |
| Extent | 2v.(482p. ; 422p.) |
| Dimensions | 22cm (pbk) |
| 610 ## - SUBJECT ADDED ENTRY--CORPORATE NAME | |
| 9 (RLIN) | 35431 |
| 650 ## - SUBJECT ADDED ENTRY--TOPICAL TERM | |
| 9 (RLIN) | 35432 |
| 651 ## - SUBJECT ADDED ENTRY--GEOGRAPHIC NAME | |
| 9 (RLIN) | 35433 |
| 700 1# - ADDED ENTRY--PERSONAL NAME | |
| 9 (RLIN) | 35434 |
| 942 ## - ADDED ENTRY ELEMENTS (KOHA) | |
| Source of classification or shelving scheme | Dewey Decimal Classification |
| Item type | English Books |
| Call number suffix | JAY |
| Classification part | 620.00151 |
| Withdrawn status | Lost status | Source of classification or shelving scheme | Materials specified (bound volume or other part) | Damaged status | Not for loan | Collection code | Home library | Current library | Date acquired | Source of acquisition | Cost, normal purchase price | Total Checkouts | Full call number | Barcode | Date last seen | Copy number | Cost, replacement price | Koha item type |
|---|---|---|---|---|---|---|---|---|---|---|---|---|---|---|---|---|---|---|
| Dewey Decimal Classification | v.1 | Not For Loan | Non-fiction | D.B.Act.Division | D.B.Act.Division | 11/10/2011 | DBAD/PUB | 380.00 | 620.00151 JAY | EN-87481 | 11/10/2011 | 1 | 380.00 | English Books | ||||
| Dewey Decimal Classification | v.2 | Not For Loan | Non-fiction | D.B.Act.Division | D.B.Act.Division | 11/10/2011 | DBAD/PUB | 350.00 | 620.00151 JAY | EN-87482 | 11/10/2011 | 1 | 350.00 | English Books |
